Statistiques concernant Animaux en images par lettre - C (#2)

Cliquez ici pour prendre le quiz!

Statistiques générales

  • Ce quiz a été pris 1 829 fois
  • Le résultat moyen est 14 sur 20

Statistiques - réponses

Réponse% Correct
Coccinelle
100%
Castor
98%
Cygne
97%
Chèvre
92%
Chimpanzé
90%
Colombe
85%
Cochon d'Inde
84%
Corail
84%
Cobra
83%
Caniche
80%
Chihuahua
79%
Cachalot
78%
Criquet
66%
Chevreuil
60%
Coyote
60%
Cloporte
43%
Caille
35%
Coucou
20%
Campagnol
17%
Cardinal
11%

Distribution des résultats

Percentile par nombre de réponses

% des personnes avec chaque résultat

Votre développement - résultats

Vous n’avez pas pris ce quiz